Erase the United States - Statistics

General Stats
  • This quiz has been taken 4,240 times
  • The average score is 34 of 50
Answers on the Map
Answers color-coded by a green-red scale on the quiz's map according to % correct below.
 
Answer Stats
Answer % Correct
Alaska
84%
California
84%
Hawaii
83%
Washington
82%
Texas
81%
Florida
80%
Oregon
78%
Louisiana
76%
Arizona
75%
New Mexico
75%
Georgia
73%
Maine
73%
New York
73%
Tennessee
73%
Alabama
72%
South Carolina
72%
North Carolina
71%
West Virginia
71%
Michigan
70%
Pennsylvania
70%
Virginia
69%
Maryland
68%
New Jersey
68%
North Dakota
68%
Rhode Island
68%
South Dakota
68%
Idaho
67%
Kentucky
67%
Montana
67%
Ohio
67%
Delaware
66%
Massachusetts
66%
Mississippi
66%
Nevada
66%
Connecticut
65%
Illinois
65%
Minnesota
65%
Vermont
65%
Wisconsin
64%
Indiana
63%
Oklahoma
63%
Utah
63%
New Hampshire
62%
Colorado
61%
Wyoming
59%
Arkansas
56%
Missouri
55%
Iowa
54%
Nebraska
54%
Kansas
50%
No matching quizzes found
Score Distribution
Percent of People with Each Score
Percentile by Number Answered
Your Score History
You have not taken this quiz